|
|
|
|
| LEADER |
01229nam a2200277 a 4500 |
| 001 |
0017168 |
| 003 |
BD-DhAAL |
| 008 |
110123s2004 paua b 001 0 eng d |
| 010 |
|
|
|a 2003020896
|
| 020 |
|
|
|a 0791076555
|
| 020 |
|
|
|a 079107823X (pbk.)
|
| 040 |
|
|
|a DLC
|c DLC
|d DLC
|d BD-DhAAL
|
| 082 |
0 |
0 |
|a 822.33
|2 22
|
| 245 |
0 |
0 |
|a William Shakespeare /
|c edited and with an introduction by Harold Bloom.
|
| 260 |
|
|
|a Philadelphia :
|b Chelsea House Publishers,
|c c2004.
|
| 300 |
|
|
|a ix, 550 p. :
|b ill. ;
|c 25 cm.
|
| 490 |
0 |
|
|a Bloom's modern critical views
|
| 504 |
|
|
|a Includes bibliographical references (p. 525-529) and index.
|
| 526 |
|
|
|a ENH
|x Prof. Syed Manzoorul Islam
Faculty Member of BRAC University
|
| 541 |
1 |
|
|e 00017168
|a Friends' Book Corner
|
| 600 |
1 |
0 |
|a Shakespeare, William,
|d 1564-1616
|x Criticism and interpretation.
|
| 700 |
1 |
|
|a Bloom, Harold.
|
| 852 |
|
|
|a Ayesha Abed Library
|c General Stacks
|
| 942 |
|
|
|2 ddc
|c BK
|
| 999 |
|
|
|c 10377
|d 10377
|
| 952 |
|
|
|0 0
|1 0
|2 ddc
|4 0
|6 822_330000000000000_WIL
|7 0
|9 14162
|a BRACUL
|b BRACUL
|c GEN
|d 2011-01-23
|e Friends' Book Corner
|g 1300.00
|l 16
|m 32
|o 822.33 WIL
|p 3010017168
|r 2026-04-27
|s 2026-04-20
|t 1
|w 2011-01-23
|y BK
|x Requisitioned by Prof. Syed Manzoorul Islam (Faculty Member of BRAC University).
|